00908nam a2200229Ia 4500003000900000005001700009008004100026040003100067040001300098041000800111100002600119245017500145250001000320260001400330300001000344300001000354490000600364520016300370942001200533999001700545952011600562IT-RoPAU20220918175900.0120407s9999 xx 000 0 und d aIT-RoPAUc20131125151148.0 cIT-RoPAU aita aGiovanni Roatta93506 aNel terzo anniversario della morte di don Giacomo Alberione: il senso di Dio; il senso dell’uomo; il senso della storia in “D. Alberione. 3° anniversario” pp. 5-28 aRoma  aImsa - UM a45 p. c17 cm v1 aIndice Presentazione - D. Zanoni Il senso di Dio - D. Roatta Il senso dell'uomo - D. Roatta Il senso della storia - D. Roatta Chi fu D. Alberione - D. Gambi cBK2ddc c34752d34752 00102ddc406P_2_11000000000000071aPAULUSbPAULUSd2013-11-25l0oP2 11r2013-11-25 00:00:00w2013-11-25yBK